Case study research: what, why and how? (Record no. 79177)
[ view plain ]
| 000 -LEADER | |
|---|---|
| fixed length control field | 00752nam a2200169 a 4500 |
| 008 - FIXED-LENGTH DATA ELEMENTS--GENERAL INFORMATION | |
| fixed length control field | 161007s2010 ||||||||||||||||| || u |
| 020 ## - INTERNATIONAL STANDARD BOOK NUMBER | |
| International Standard Book Number | 9781849206129 |
| 050 ## - LIBRARY OF CONGRESS CALL NUMBER | |
| Classification number | HC 62 Swa |
| 100 ## - MAIN ENTRY--PERSONAL NAME | |
| Personal name | Swanborn, Peter G |
| 245 10 - TITLE STATEMENT | |
| Title | Case study research: what, why and how? |
| Statement of responsibility, etc. | Peter G. Swanborn |
| 260 ## - PUBLICATION, DISTRIBUTION, ETC. | |
| Place of publication, distribution, etc. | Los Angeles |
| Name of publisher, distributor, etc. | SAGE Publications |
| Date of publication, distribution, etc. | 2010 |
| 300 ## - PHYSICAL DESCRIPTION | |
| Extent | ix, 178 p. : ill. |
| 350 ## - | |
| -- | 50.06 |
| 650 #0 - SUBJECT ADDED ENTRY--TOPICAL TERM | |
| Topical term or geographic name entry element | RESEARCH--METHODOLOGY |
| 995 ## - | |
| -- | MAIN LIBRARY OPEN ACCESS |
| -- | 747087 |
| -- | CBU-MAIN LIBRARY (Kitwe) |
| -- | 50.06 |
| -- | HC 62 Swa |
| -- | 2 |
| -- | AVAILABLE |
| -- | Oct 25, 2016 |
| -- | 747087 |
| -- | Main Library Open Access Collection |
| 995 ## - | |
| -- | MAIN LIBRARY OPEN ACCESS |
| -- | 50.06 |
| -- | 747086 |
| -- | CBU-MAIN LIBRARY (Kitwe) |
| -- | HC 62 Swa |
| -- | 1 |
| -- | AVAILABLE |
| -- | Oct 25, 2016 |
| -- | 747086 |
| -- | Main Library Open Access Collection |
| 999 ## - | |
| -- | 79177 |
| -- | 79177 |
No items available.